Statistics for Biggest Cities in Minnesota

Click here to take the quiz!

General Stats

  • This quiz has been taken 8,150 times
    (7,034 since last reset)
  • The average score is 9 of 20

Answer Stats

PopulationCountyCity% Correct
425,336HennepinMinneapolis
100%
307,193RamseySt. Paul
97%
86,372St. LouisDuluth
83%
121,465OlmstedRochester
67%
89,298HennepinBloomington
56%
68,818StearnsSt. Cloud
56%
53,318HennepinEdina
45%
53,266HennepinMinnetonka
41%
63,161HennepinEden Prairie
40%
84,526HennepinBrooklyn Park
34%
70,726HennepinMaple Grove
34%
68,642DakotaEagan
33%
79,828HennepinPlymouth
32%
63,943DakotaBurnsville
31%
49,158HennepinSt. Louis Park
31%
55,638DakotaApple Valley
30%
76,990WashingtonWoodbury
30%
70,935AnokaBlaine
27%
63,385AnokaCoon Rapids
27%
72,812DakotaLakeville
26%

Score Distribution

Percentile by Number Answered

Percent of People with Each Score

Your Score History

You have not taken this quiz since the last reset